000 03280nam a22003257a 4500
005 20250515145721.0
008 180322b co||||| |||| 00| 0 esp d
020 _a9789586829496
040 _aUTEA
041 _aEs
044 _aCO
082 _a333.72
_bH29 2016
100 _aAlfonso Ávila, Nury Zaride Hazmine
_cLicenciada en Biología /
_cMaster en Saneamiento y Desarrollo Ambiental
_eAutor
245 _aPrincipios Básicos para la Gestión Ambiental
_cNury Zaride Hazmine Alfonso Ávila
_h[Impreso]
250 _a3ra edición
260 _aBogotá - Colombia
_bGrupo Editorial Alfaomega
_c2016
300 _a431 páginas.
_bCuadros, Tablas, Diagramas, Figuras,. 01 Ej. Andahuaylas
_c17 x 24 cm.
505 _aPresentación. -- Introducción. -- Ecología. -- Palabras claves. -- Temas. -- Competencias. -- Puntos de aprendizaje. -- Introducción. -- Ecología. -- Administración ambiental. -- Desarrollo sostenible. -- Ecosistema. -- el deterioro ambiental. -- Agotamiento de los recursos naturales. -- Procesos productivos y sus efectos contaminantes. -- Palabras claves. -- Temas. -- Competencias. -- Puntos de aprendizaje. -- Introducción. -- Crisis ambiental y sectores productivos. -- Tecnologías. -- Educación ambiental. -- Impacto de la industria en el ambiente. -- Sistema económico. -- Gestión y derecho ambiental. -- Palabras claves. -- Temas. -- Competencias. -- Puntos de aprendizaje. -- Introducción. -- Gestión ambiental. -- Implementación de un sistema de gestión ambiental. -- La organización y la gestión ambiental. -- Entidades públicas administradoras del ambiente en Colombia. -- Derecho ambiental. -- Economía y ambiente. -- Palabras claves. -- Temas. -- Competencias. -- Puntos de aprendizaje. -- Introducción. -- Concepto de economía. -- Estudios de impacto ambiental. -- Desarrollo sostenible. -- El comercio. -- Biodiversidad y áreas del manejo especial. -- Palabras claves. -- Temas. -- Competencias. -- Puntos de aprendizaje. -- Introducción. -- Concepto de biodiversidad. -- Herramientas de planificación para la conservación de la biodiversidad. -- Pasos para la planificación de la biodiversidad. -- Biotecnología. -- Áreas de manejo especial. -- Administración. -- Riesgos y cuidados. -- Guías ecológicas. -- Recomendaciones.
520 _aLa preocupación por el aumento de la contaminación nivel mundial ha generado soluciones alternativas en diferentes campos de acción: tecnología, educación, legislación nacional, tratados internacionales, políticas públicas, etc. En este contexto, es fundamental comprender qué es la administración ambiental y cómo aporta al desarrollo sostenible de todas nuestras actividades. Con este contenido, podrá conocer los principios básicos para la gestión ambiental de una forma integral, mediante la comprensión de los problemas.
650 0 _aPROCESOS PRODUCTIVOS Y SUS EFECTOS CONTAMINANTES
650 0 _aGESTIÓN Y DERECHO AMBIENTAL
650 0 _aECONOMÍA Y AMBIENTE
_926121
650 0 _aBIODIVERSIDAD Y ÁREAS DE MANEJO ESPECIAL
_926122
653 _aECOLOGÍA
653 _aECOSISTEMA
653 _aEDUCACIÓN AMBIENTAL
653 _aCOMERCIO
653 _aBIOTECNOLOGÍA
942 _2ddc
_cBK
_zEber Gonzales Pariona
_e2024-10-03
999 _c11773
_d11773